000 01495nam a22003858i 4500
001 021420337
003 EG-ScBUE
005 20260208095354.0
008 240129s2024 flua f b 001 0 eng d
020 _a9781032657011
040 _aStDuBDS
_beng
_erda
_cStDuBDS
_dEG-ScBUE
082 0 4 _a307.1216099431
_222
_bINN
245 0 0 _aInnovation district planning :
_bconcept, framework, practice /
_cTan Yigitcanlar, Surabhi Pancholi, Niusha Esmaeilpoorarabi and Rosemary Adu-McVie.
264 1 _aBoca Raton :
_bChapman & Hall/CRC,
_c2024.
300 _a516 pages :
_billustrations (black and white) ;
_c24 cm
336 _atext
_2rdacontent
_btxt
336 _astill image
_2rdacontent
_btxt
337 _aunmediated
_2rdamedia
_bn
338 _avolume
_2rdacarrier
_bnc
504 _aIncludes bibliographical references and index.
650 7 _aCity planning
_vCase studies.
_2BUEsh
650 7 _aResearch parks
_vCase studies.
_2BUEsh
650 7 _aKnowledge economy
_vCase studies.
_2BUEsh
650 7 _aCities and towns
_xEffect of technological innovations on
_vCase studies.
_2BUEsh
650 7 _aEconomic development
_vCase studies.
_2BUEsh
650 7 _aUrban economics
_vCase studies.
_2BUEsh
653 _cFebruary2026
_bENGARC
655 _vReading book
700 1 _aYigitcanlar, Tan,
_eauthor.
700 1 _aPancholi, Surabhi,
_eauthor.
700 1 _aEsmaeilpoorarabi, Niusha,
_eauthor.
700 1 _aAdu-McVie, Rosemary,
_eauthor.
942 _2ddc
_cBB
999 _c31081
_d31052